00548cam a22001937a 4500001001000000003000500010005001700015008004100032010001000073011001000083020001500093035001000108040000900118100003300127245011500160260003700275300001900312650002300331000078485CHAP20220329141922.0980605d1997 mx a r 00010 spa d a75720 a76692 a9688844039 a86278 cCHAP00aVázquez Cervantes, Santos.10aCiclo de vida de Fasciola hepatica :blaboratorio de microfauna y mesofauna /cpor Santos Vázquez Cervantes. aChapingo, Méx. :bUACH,c1997. a23 p. :bilus.14aFasciola hepatica.